VYUŽITIE RÚBANINY Z TUNELOV NA SLOVENSKU

Podrobná bibliografia
Hlavní autori: Durmeková, Tatiana, 1962- (Autor), Vrábeľ, Peter (Autor), Wagner, Peter, 1947- (Autor)
Médium: Článok
Jazyk:slovenčina
ISBN:9788023203066

MARC

LEADER 00000naa a2200000uu 4500
001 vtls011058551
003 SK-MaSNL
005 20260302141516.0
008 210907|2010 xo |||||||||||||||||slo|
015 |a SNBRA 
035 |a (urnnbn)urn:nbn:sk:snk:ar-a0c0p4 
035 |a (uuid)7e606f91-87c7-49da-95d5-0475701f9131 
035 |a urn:nbn:sk:snk-aav7a0 
040 |a SNKBUCL  |b slo  |c SNKBUCL  |e AACR2 
041 0 |a slo 
044 |a xo  |c SK 
100 1 |a Durmeková, Tatiana,  |d 1962-  |4 aut  |9 241808 
245 1 0 |a VYUŽITIE RÚBANINY Z TUNELOV NA SLOVENSKU  |c Tatiana Durmeková, Peter Vrábeľ, Peter Wagner 
700 1 |a Vrábeľ, Peter  |4 aut  |9 322501 
700 1 |a Wagner, Peter,  |d 1947-  |4 aut  |9 6555 
773 0 |t Znovupoužitie materiálov na stavebné účely  |d Košice] : Dom techniky - Etela Bačenková, 2010  |g S. 103-108  |z 9788023203066 
958 |a OND 
958 |a article12 
958 |a chapter 
999 |c 1335950  |d 1337880